000 00870nam a2200265 i 4500
001 14534
003 ES-MaACL
005 20230906150832.0
007 t|
008 981218s1998 sp ||||0| spa
020 _a84-7784-313-9
080 _a330.84/.86(460)"18/19"
080 _a929 Bark, Ernesto
100 1 _aThion Soriano-Mollá, Dolores.
_9109971
245 1 0 _aErnesto Bark
_b: un propagandista de la modernidad, 1858-1924 /
_cDolores Thion Soriano-Mollá.
260 _a[Alicante] :
_bInstituto de Cultura "Juan Gil-Albert",
_c1998.
300 _a346 p. ;
_c22 cm.
490 1 _aTextos universitarios
600 1 4 _aBark, Ernesto.
_925673
650 _aSocialismo-
_zEspaña-
_vHistoria.
_917156
710 2 _aInstituto de Cultura "Juan Gil-Albert"
_94857
830 1 _aTextos universitarios
_9177853
852 _aES-MaACL
_jL-21753
999 _c14534
_d14534